Colombia Categoría Primera A by Badge - Statistics

General Stats
  • This quiz has been taken 23 times
  • The average score is 17 of 20
Answer Stats
Picture Answer % Correct
Atlético Nacional
100%
Independiente Medellín
100%
Independiente Santa Fe
100%
Junior de Barranquilla
100%
Millonarios
100%
América de Cali
95%
Deportivo Cali
95%
Once Caldas
95%
Águilas Doradas
90%
Deportes Tolima
90%
Atlético Bucaramanga
85%
Boyacá Chicó
80%
Deportivo Pereira
80%
Unión Magdalena
80%
Envigado
75%
Deportivo Pasto
70%
Fortaleza CEIF
70%
Llaneros
70%
La Equidad
60%
Alianza de Valledupar
55%
No matching quizzes found
Score Distribution
Percent of People with Each Score
Percentile by Number Answered
Your Score History
You have not taken this quiz